|
|
|
|
| LEADER |
00937nam a22002532i 4500 |
| 001 |
001534027 |
| 003 |
CZ BrMZK |
| 005 |
20161103142931.0 |
| 007 |
ta |
| 008 |
160711s1989 xr a er|||||||||||cze d |
| 040 |
|
|
|a OLA001
|b cze
|d BOA001
|e rda
|
| 100 |
1 |
|
|a Boháček, Karel,
|d 1886-1928
|7 jn20000400211
|4 art
|
| 245 |
1 |
0 |
|a Karel Boháček :
|b figurální kresby : Rabasova galerie v Rakovníku, Malá síň, květen-červen 1989 /
|c text Václav Zoubek
|
| 246 |
3 |
0 |
|a Figurální kresby, Karel Boháček
|
| 264 |
|
1 |
|a Rakovník :
|b Okresní muzeum a galerie,
|c 1989
|
| 300 |
|
|
|a 1 složený list :
|b ilustrace
|
| 336 |
|
|
|a text
|b txt
|2 rdacontent
|
| 337 |
|
|
|a bez média
|b n
|2 rdamedia
|
| 338 |
|
|
|a svazek
|b nc
|2 rdacarrier
|
| 700 |
1 |
|
|a Zoubek, Václav,
|d 1953-
|7 jo2002112328
|4 wfw
|
| 910 |
|
|
|a BOA001
|b X-0945.132
|
| 990 |
|
|
|a BK
|
| 991 |
|
|
|b 201605
|
| 996 |
6 |
|
|b 2619165857
|c X-0945.132
|l MZK
|r Sklad / do 24 hodin
|n 0
|w 001568944
|u 000010
|a 1
|e BOA001
|j MZK50
|s P
|